| 000 | 01069 a2200157 4500 | ||
|---|---|---|---|
| 999 |
_c25249 _d25249 |
||
| 020 | _a9781108416283 | ||
| 082 |
_a320.954 _bGUP-C |
||
| 100 | _aGupta, Sejuti Das | ||
| 245 | _aClass, politics and agrarian policies in post-liberalisation India | ||
| 260 |
_bCambridge University Press _c2019 _aCambridge |
||
| 300 | _axv, 303p. | ||
| 504 | _aIncludes Bibliography and Index | ||
| 520 | _aThe book visits the idea of New India, studying how the political economy of India has changed significantly in post-liberalisation India. The book challenges the notion that all farmers in India are in agrarian distress, showing that some classes of farmers have gained under policies; it helps understand why farmer movement has weakened and control of industrial capitalist class has been bolstered. The book discusses the growing presence of petty bourgeoisie with both old and new fractions thriving. Gujarat and Karnataka are instances of these two kinds of fractions. | ||
| 650 |
_aSocial classes _vPolitics and government _vAgriculture and state _zIndia |
||
| 942 |
_2ddc _cBK |
||